[Event "Adelaide Interclub-B"]
[Site "Adelaide"]
[Date "2008.06.17"]
[Round "8.1"]
[White "Low, Brandon"]
[Black "Wilson, James E"]
[Result "1/2-1/2"]
[WhiteElo "1365"]
[BlackElo "1392"]
[PlyCount "138"]
[EventDate "2008.04.29"]
[EventType "team-tourn"]
[EventRounds "9"]
[EventCountry "AUS"]
[SourceTitle "EXT 2010"]
[Source "ChessBase"]
[SourceDate "2010.11.25"]
[SourceVersion "1"]
[SourceVersionDate "2010.11.25"]
[SourceQuality "1"]

1. e4 c5 2. d4 cxd4 3. Nf3 Nc6 4. Nxd4 e6 5. Nc3 a6 6. Bc4 Nf6 7. Bg5 Be7 8. Qd2 d6 9. 0-0 0-0 10. Rfe1 Ng4 11. Bxe7 Qxe7 12. Rad1 Nce5 13. Bb3 Bd7 14. Nf3 Nxf3+ 15. gxf3 Ne5 16. Qe3 Bc6 17. Ne2 Rad8 18. Ng3 Qf6 19. Kg2 Qg6 20. h4 h5 21. Qg5 Qxg5 22. hxg5 g6 23. f4 Nd7 24. Rxd6 Nc5 25. Red1 Rxd6 26. Rxd6 Bxe4+ 27. Nxe4 Nxe4 28. Rd7 Nc5 29. Rc7 b6 30. Bc4 Rd8 31. b4 Ne4 32. Bd3 Rd4 33. Kf3 Nxf2 34. Kxf2 Rxf4+ 35. Ke3 Rxb4 36. Bxa6 Rg4 37. Rb7 Rxg5 38. Rxb6 h4 39. a4 Rg4 40. c4 g5 41. Rb2 f5 42. Bc8 Re4+ 43. Kf2 Kg7 44. Rc2 g4 45. a5 h3 46. a6 h2 47. Kg2 g3 48. Bb7 Re1 49. Kxg3 h1Q 50. Bxh1 Rxh1 51. Ra2 Rh8 52. a7 Ra8 53. Kf4 Kf7 54. Ke5 Ke7 55. Ra6 Kd7 56. Rd6+ Kc7 57. Rxe6 Rxa7 58. Re7+ Kb6 59. Rxa7 Kxa7 60. Kxf5 Kb6 61. Ke4 Kc5 62. Kd3 Kc6 63. Kd4 Kd6 64. c5+ Kc6 65. Kc4 Kc7 66. Kb5 Kb7 67. c6+ Kc7 68. Kc5 Kc8 69. c7 Kxc7 1/2-1/2

[Event "Adelaide Interclub-A"]
[Site "Adelaide"]
[Date "2002.05.14"]
[Round "2.3"]
[White "Wilson, James E"]
[Black "Miletic, Savo"]
[Result "1-0"]
[WhiteElo "1512"]
[BlackElo "1509"]
[PlyCount "67"]
[EventDate "2002.05.07"]
[EventType "team-tourn"]
[EventRounds "9"]
[EventCountry "AUS"]
[SourceTitle "EXT 2023"]
[Source "ChessBase"]
[SourceDate "2022.10.05"]
[SourceVersion "1"]
[SourceVersionDate "2022.10.05"]
[SourceQuality "1"]

1. e4 c5 2. Nf3 Nc6 3. d4 cxd4 4. Nxd4 e5 5. Nxc6 bxc6 6. Bc4 Bc5 7. Qf3 Nf6 8. Bg5 h6 9. Bxf6 Qxf6 10. Qxf6 gxf6 11. Nd2 Bb7 12. c3 Ke7 13. Rf1 d5 14. Bb3 Ba6 15. c4 d4 16. g3 Bb4 17. f4 c5 18. 0-0-0 Bb7 19. Bc2 a5 20. Nf3 exf4 21. gxf4 a4 22. a3 Ba5 23. Nh4 Bc7 24. Rde1 Bc8 25. e5 Bd7 26. Nf5+ Bxf5 27. Bxf5 Rhg8 28. Be4 Rab8 29. Bd5 Rb6 30. e6 Rgb8 31. exf7+ Kf8 32. Re2 Bd6 33. Rg2 Ke7 34. Rff2 1-0